000 00331nam a2200121 a 4500
005 20140414093847.0
008 100223s19uu xx uuu eng d
050 _aCDB 371.2
_bUSI 2005
245 _aUsing writing to learn across the content areas.
650 _aCurriculum
_xStudy and teaching.
942 _cAVM
999 _c109642
_d109642